000 01356nam a22004217a 4500
001 0008122
003 KOHA_MİRAKIL
005 20260207001622.0
007 ta
008 100809b2004 tu |||gr||||#||||0|tur |
020 _a9750602684
_c0,01
040 _aTR-BiSEU
_btur
_cTR-BiSEU
_erda
041 0 _atur
044 _ctu
050 _aHG1722
_b.A85 2004
100 1 _aAslan, Ümmühan.
245 1 _aBanka birleşmeleri birleşme işlemlerinin muhasebeleştirilmesi ve bir uygulama/
_cÜmmühan Aslan ; Ümmühan Aslan.
264 1 _aEskişehir :
_bAnadolu Üniversitesi
_c2004
300 _a XI, 201 sayfa; 25 cm.
336 _ametin
_btxt
_2rdacontent
337 _aaracısız
_bn
_2rdamedia
338 _acilt
_bnc
_2rdacarrier
490 1 _aT.C.
490 1 _aAnadolu Üniversitesi yayınları ;
_vno.
490 1 _a1544.
490 1 _aAçıköğretim Fakültesi yayınları ;
_vno.
490 1 _a818.
500 _aKaynakça var.
650 0 _a Banka birleşmeleri.
_920160
650 0 _aBankalar ve bankacılık--Muhasebe.
_920161
650 0 _aBankalar ve bankacılık--Değerleme.
_920162
830 1 _aT.C.
_96297
830 1 _aAnadolu Üniversitesi yayınları ;
_vno.
_97107
830 1 _a1544.
_920163
830 1 _aAçıköğretim Fakültesi yayınları ;
_vno.
_920146
830 1 _a818.
_920164
942 _2lcc
_cBK
999 _c8095
_d8095